Sports Quiz

Random Sports or Basketball Quiz

Anything but Big 4 Teams Quiz Stats

 Plays Quiz Updated Aug 29, 2016

Challenge
Share
Tweet
Embed
Score 0/132 Timer 02:00
3 Plays Today
% Correct
???
38.2%
???
38.2%
???
38.1%
???
38.1%
???
38%
???
38%
???
38%
???
38%
???
38%
???
37.9%
???
37.9%
???
37.9%
???
37.9%
???
37.9%
???
37.9%
???
37.9%
???
37.9%
???
37.9%
???
37.9%
???
37.9%
???
37.9%
???
37.8%
???
37.8%
???
37.8%
???
37.8%
???
37.8%
???
37.8%
???
37.8%
???
37.8%
???
37.8%
???
37.8%
???
37.8%
???
37.7%
???
37.7%
???
37.7%
???
37.7%
???
37.7%
???
37.7%
???
37.7%
???
37.6%
???
37.6%
???
37.6%
???
37.6%
???
37.6%
% Correct
???
37.6%
???
37.6%
???
37.6%
???
37.6%
???
37.6%
???
37.6%
???
37.6%
???
37.6%
???
37.6%
???
37.6%
???
37.6%
???
37.6%
???
37.5%
???
37.5%
???
37.5%
???
37.5%
???
37.5%
???
37.5%
???
37.5%
???
37.5%
???
37.5%
???
37.5%
???
37.5%
???
37.5%
???
37.4%
???
37.4%
???
37.4%
???
37.4%
???
37.4%
???
37.4%
???
37.3%
???
37.3%
???
37.3%
???
37.2%
???
37.1%
???
37.1%
???
37.1%
???
37.1%
???
37.1%
???
37.1%
???
37.1%
???
37.1%
???
37.1%
???
37.1%
% Correct
???
37%
???
37%
???
37%
???
36.9%
???
36.9%
???
36.8%
???
36.8%
???
36.8%
???
36.7%
???
36.7%
???
36.7%
???
36.6%
???
36.6%
???
36.5%
???
36.5%
???
36.4%
???
36.4%
???
36.4%
???
36.4%
???
36.4%
???
36.3%
???
36.2%
???
36.2%
???
36.1%
???
35.9%
???
35.8%
???
35.7%
???
35.4%
???
35%
???
35%
???
35%
???
34.6%
???
34.6%
???
34.6%
???
33.8%
???
33.4%
???
33.4%
???
33.4%
???
33.1%
???
32.3%
???
31.3%
???
31%
???
30.1%
???
15.4%

You're not logged in!

Compare scores with friends on all Sporcle quizzes.
Join for Free
OR
Log In

You Might Also Like...

Show Comments

Extras

Top Quizzes Today


Score Distribution

Your Account Isn't Verified!

In order to create a playlist on Sporcle, you need to verify the email address you used during registration. Go to your Sporcle Settings to finish the process.

Report this User

Report this user for behavior that violates our Community Guidelines.

Details: